<?xml version="1.0" encoding="UTF-8"?>
<record
    xmlns:xsi="http://www.w3.org/2001/XMLSchema-instance"
    xsi:schemaLocation="http://www.loc.gov/MARC21/slim http://www.loc.gov/standards/marcxml/schema/MARC21slim.xsd"
    xmlns="http://www.loc.gov/MARC21/slim">

  <leader>00427nam a22001577a 4500</leader>
  <controlfield tag="005">20240110115233.0</controlfield>
  <controlfield tag="008">190910b        xxu||||| |||| 00| 0 eng d</controlfield>
  <datafield tag="020" ind1=" " ind2=" ">
    <subfield code="a">978-81-85790-14-5</subfield>
  </datafield>
  <datafield tag="041" ind1=" " ind2=" ">
    <subfield code="a">eng</subfield>
  </datafield>
  <datafield tag="100" ind1=" " ind2=" ">
    <subfield code="a">KASTURE, DR. P.V AND PARAKH, DR.S.R.,   HASAN, S.A.,     GOKHALE, S.B.</subfield>
    <subfield code="9">8377</subfield>
  </datafield>
  <datafield tag="245" ind1=" " ind2=" ">
    <subfield code="a">PHARMACEUTICS- I</subfield>
  </datafield>
  <datafield tag="250" ind1=" " ind2=" ">
    <subfield code="a">23rd , ED, 2017</subfield>
  </datafield>
  <datafield tag="260" ind1=" " ind2=" ">
    <subfield code="a">PUNE</subfield>
    <subfield code="b">NIRALI PRAKASHAN</subfield>
  </datafield>
  <datafield tag="300" ind1=" " ind2=" ">
    <subfield code="a">I.5p;</subfield>
  </datafield>
  <datafield tag="942" ind1=" " ind2=" ">
    <subfield code="c">BK</subfield>
  </datafield>
  <datafield tag="999" ind1=" " ind2=" ">
    <subfield code="c">5969</subfield>
    <subfield code="d">5967</subfield>
  </datafield>
  <datafield tag="952" ind1=" " ind2=" ">
    <subfield code="0">0</subfield>
    <subfield code="1">0</subfield>
    <subfield code="4">0</subfield>
    <subfield code="7">0</subfield>
    <subfield code="8">PHARMACY</subfield>
    <subfield code="a">JRU</subfield>
    <subfield code="b">JRU</subfield>
    <subfield code="c">Shelf - 23- B</subfield>
    <subfield code="d">2019-09-10</subfield>
    <subfield code="e">PURCHESS</subfield>
    <subfield code="g">200.00</subfield>
    <subfield code="l">4</subfield>
    <subfield code="m">1</subfield>
    <subfield code="p">23449</subfield>
    <subfield code="r">2022-12-16 00:00:00</subfield>
    <subfield code="s">2022-09-21</subfield>
    <subfield code="w">2019-09-10</subfield>
    <subfield code="y">BK</subfield>
  </datafield>
  <datafield tag="952" ind1=" " ind2=" ">
    <subfield code="0">0</subfield>
    <subfield code="1">0</subfield>
    <subfield code="4">0</subfield>
    <subfield code="7">0</subfield>
    <subfield code="8">PHARMACY</subfield>
    <subfield code="a">JRU</subfield>
    <subfield code="b">JRU</subfield>
    <subfield code="c">Shelf - 23- B</subfield>
    <subfield code="d">2019-09-10</subfield>
    <subfield code="e">PURCHESS</subfield>
    <subfield code="g">200.00</subfield>
    <subfield code="l">7</subfield>
    <subfield code="m">2</subfield>
    <subfield code="p">23450</subfield>
    <subfield code="r">2025-10-13 11:15:21</subfield>
    <subfield code="s">2025-10-09</subfield>
    <subfield code="w">2019-09-10</subfield>
    <subfield code="y">BK</subfield>
  </datafield>
  <datafield tag="952" ind1=" " ind2=" ">
    <subfield code="0">0</subfield>
    <subfield code="1">0</subfield>
    <subfield code="4">0</subfield>
    <subfield code="7">0</subfield>
    <subfield code="8">PHARMACY</subfield>
    <subfield code="a">JRU</subfield>
    <subfield code="b">JRU</subfield>
    <subfield code="c">Shelf - 23- B</subfield>
    <subfield code="d">2019-09-10</subfield>
    <subfield code="e">PURCHESS</subfield>
    <subfield code="g">200.00</subfield>
    <subfield code="l">1</subfield>
    <subfield code="o">615.1</subfield>
    <subfield code="p">23451</subfield>
    <subfield code="r">2022-04-22 00:00:00</subfield>
    <subfield code="s">2022-04-18</subfield>
    <subfield code="w">2019-09-10</subfield>
    <subfield code="y">BK</subfield>
  </datafield>
  <datafield tag="952" ind1=" " ind2=" ">
    <subfield code="0">0</subfield>
    <subfield code="1">0</subfield>
    <subfield code="4">0</subfield>
    <subfield code="7">0</subfield>
    <subfield code="8">REF</subfield>
    <subfield code="a">JRU</subfield>
    <subfield code="b">JRU</subfield>
    <subfield code="c">SHELF-4-C</subfield>
    <subfield code="d">2019-09-10</subfield>
    <subfield code="e">PURCHESS</subfield>
    <subfield code="g">200.00</subfield>
    <subfield code="l">0</subfield>
    <subfield code="p">23452</subfield>
    <subfield code="r">2025-10-17 13:24:25</subfield>
    <subfield code="w">2019-09-10</subfield>
    <subfield code="y">BK</subfield>
  </datafield>
  <datafield tag="952" ind1=" " ind2=" ">
    <subfield code="0">0</subfield>
    <subfield code="1">0</subfield>
    <subfield code="4">0</subfield>
    <subfield code="7">0</subfield>
    <subfield code="8">PHARMACY</subfield>
    <subfield code="a">JRU</subfield>
    <subfield code="b">JRU</subfield>
    <subfield code="c">Shelf - 23- B</subfield>
    <subfield code="d">2019-09-10</subfield>
    <subfield code="e">PURCHESS</subfield>
    <subfield code="g">200.00</subfield>
    <subfield code="l">6</subfield>
    <subfield code="o">615.1</subfield>
    <subfield code="p">23453</subfield>
    <subfield code="r">2025-09-02 16:04:08</subfield>
    <subfield code="s">2025-09-01</subfield>
    <subfield code="w">2019-09-10</subfield>
    <subfield code="y">BK</subfield>
  </datafield>
  <datafield tag="952" ind1=" " ind2=" ">
    <subfield code="0">0</subfield>
    <subfield code="1">0</subfield>
    <subfield code="4">0</subfield>
    <subfield code="7">0</subfield>
    <subfield code="8">PHARMACY</subfield>
    <subfield code="a">JRU</subfield>
    <subfield code="b">JRU</subfield>
    <subfield code="c">Shelf - 23- B</subfield>
    <subfield code="d">2019-09-10</subfield>
    <subfield code="e">PURCHESS</subfield>
    <subfield code="g">200.00</subfield>
    <subfield code="l">3</subfield>
    <subfield code="o">615.1</subfield>
    <subfield code="p">23454</subfield>
    <subfield code="r">2024-09-24 10:55:44</subfield>
    <subfield code="s">2024-09-10</subfield>
    <subfield code="w">2019-09-10</subfield>
    <subfield code="y">BK</subfield>
  </datafield>
  <datafield tag="952" ind1=" " ind2=" ">
    <subfield code="0">0</subfield>
    <subfield code="1">0</subfield>
    <subfield code="4">0</subfield>
    <subfield code="7">0</subfield>
    <subfield code="8">PHARMACY</subfield>
    <subfield code="a">JRU</subfield>
    <subfield code="b">JRU</subfield>
    <subfield code="c">Shelf - 23- B</subfield>
    <subfield code="d">2019-09-10</subfield>
    <subfield code="e">PURCHESS</subfield>
    <subfield code="g">200.00</subfield>
    <subfield code="l">5</subfield>
    <subfield code="m">1</subfield>
    <subfield code="o">615.1</subfield>
    <subfield code="p">23455</subfield>
    <subfield code="r">2025-01-27 14:50:06</subfield>
    <subfield code="s">2024-09-05</subfield>
    <subfield code="w">2019-09-10</subfield>
    <subfield code="y">BK</subfield>
  </datafield>
  <datafield tag="952" ind1=" " ind2=" ">
    <subfield code="0">0</subfield>
    <subfield code="1">0</subfield>
    <subfield code="4">0</subfield>
    <subfield code="7">0</subfield>
    <subfield code="8">PHARMACY</subfield>
    <subfield code="a">JRU</subfield>
    <subfield code="b">JRU</subfield>
    <subfield code="c">Shelf - 23- B</subfield>
    <subfield code="d">2019-09-10</subfield>
    <subfield code="e">PURCHESS</subfield>
    <subfield code="g">200.00</subfield>
    <subfield code="l">6</subfield>
    <subfield code="o">615.1</subfield>
    <subfield code="p">23456</subfield>
    <subfield code="r">2025-01-06 09:35:45</subfield>
    <subfield code="s">2024-12-23</subfield>
    <subfield code="w">2019-09-10</subfield>
    <subfield code="y">BK</subfield>
  </datafield>
</record>
